[Event "Oberhof"]
[Site "?"]
[Date "1999.05.27"]
[Round "7"]
[White "Zwick Georg"]
[Black "Pitl Gregory"]
[Result "0-1"]
[WhiteElo "2038"]
[BlackElo "2157"]
[PlyCount "86"]
[EventDate "1999.??.??"]
[Source "www.chesslib.no"]
[SourceDate "2004.05.04"]

1. d4 Nf6 2. f4 c5 3. e3 d5 4. Nf3 Nc6 5. c3 Qc7 6. Bd3 Bg4 7. O-O e6 8. h3 Bh5 9. Bd2 Bd6 10. Be1 Ne4 11. Nbd2 f5 12. Be2 h6 13. dxc5 Bxc5 14. Nd4 Bf7 15. Nxe4 fxe4 16. Qd2 a6 17. f5 e5 18. Ne6 Bxe6 19. fxe6 O-O-O 20. b4 Ba7 21. Rf7 Ne7 22. Bg3 Qd6 23. c4 h5 24. Bh4 g5 25. Bxg5 Rhg8 26. h4 Rxg5 27. hxg5 Qxe6 28. Raf1 Qg6 29. c5 Qxg5 30. Qc3 Ng6 31. Rg7 Nf4 32. Rxg5 Nxe2+ 33. Kh1 Nxc3 34. Rxe5 Bb8 35. Re7 Nxa2 36. Rff7 Nxb4 37. Rxb7 a5 38. Rh7 Rf8 39. Kg1 Nc2 40. Rb3 Bg3 41. c6 Nxe3 42. Rb1 Nc4 43. Rxh5 e3 0-1

[Event "BUL Team Ch women"]
[Site "Bankia"]
[Date "1992.??.??"]
[Round "?"]
[White "Trojanska, Evelina"]
[Black "Velcheva, Maria"]
[Result "0-1"]
[WhiteElo "2025"]
[BlackElo "2160"]
[PlyCount "62"]
[EventDate "1992.??.??"]
[Source "www.chesslib.no"]
[SourceDate "2004.05.04"]

1. d4 Nf6 2. f4 c5 3. e3 g6 4. Nf3 Bg7 5. c3 b6 6. Bd3 Bb7 7. O-O O-O 8. Nbd2 d6 9. Qe1 Nbd7 10. f5 e6 11. fxe6 fxe6 12. Ng5 Qe7 13. Qh4 Rae8 14. Qh3 d5 15. Ndf3 e5 16. Nxe5 Nxe5 17. dxe5 Qxe5 18. Nf3 Qd6 19. Bd2 Ne4 20. Rad1 Qe7 21. Bxe4 dxe4 22. Nh4 Bf6 23. Be1 Bc8 24. Qg3 Be5 25. Rxf8+ Rxf8 26. Nxg6 hxg6 27. Qxg6+ Bg7 28. Bg3 Qe6 29. Qxe6+ Bxe6 30. a3 Bc4 31. Bf4 Bd3 0-1

[Event "HUN-chT2 9899"]
[Site "?"]
[Date "1999.??.??"]
[Round "?"]
[White "Fekete Janos"]
[Black "Pusztay Bela"]
[Result "1/2-1/2"]
[WhiteElo "2055"]
[BlackElo "2130"]
[PlyCount "52"]
[EventDate "1999.??.??"]
[Source "www.chesslib.no"]
[SourceDate "2004.05.04"]

1. d4 Nf6 2. f4 d5 3. Nf3 e6 4. e3 Bd6 5. Bd3 Nbd7 6. O-O c5 7. c3 c4 8. Bc2 Nb6 9. Nbd2 Bd7 10. Ne5 Qe7 11. Qe2 a6 12. a3 Rc8 13. Kh1 Bc6 14. Rf3 g6 15. Rh3 Bxe5 16. fxe5 Nh5 17. Nf3 Kd7 18. e4 Kc7 19. a4 Kb8 20. a5 dxe4 21. Bxe4 Nd5 22. Bxd5 Bxd5 23. Bd2 Ng7 24. Ne1 Nf5 25. Nc2 h5 26. Nb4 Qd7 1/2-1/2

[Event "Gent Gran Ch"]
[Site "Gent Gran"]
[Date "1996.??.??"]
[Round "4"]
[White "Alcala Gasso, Joan"]
[Black "Franquet Escriba, Joan"]
[Result "0-1"]
[WhiteElo "2015"]
[BlackElo "2165"]
[PlyCount "88"]
[EventDate "1996.??.??"]
[Source "www.chesslib.no"]
[SourceDate "2004.05.04"]

1. d4 Nf6 2. f4 d6 3. c3 g6 4. Nd2 Bg7 5. Ndf3 O-O 6. e3 Nbd7 7. Bd3 c5 8. Ne2 b6 9. O-O Bb7 10. Ng3 d5 11. f5 Qc7 12. Bd2 e5 13. dxe5 Nxe5 14. Nxe5 Qxe5 15. Rc1 Rad8 16. Qe2 c4 17. Bb1 b5 18. Rce1 Rd7 19. Qf2 Ne4 20. Bxe4 dxe4 21. Bc1 Rfd8 22. fxg6 hxg6 23. Qf4 a5 24. Ne2 Qh5 25. Ng3 Qe5 26. Ne2 Qe7 27. Nd4 b4 28. Qg4 Rd6 29. Rf4 f5 30. Qh3 Bf6 31. Qg3 Kf7 32. Qf2 Bc8 33. Rf1 Rh8 34. Qe2 Be5 35. Qxc4+ Be6 36. Nxe6 Qxe6 37. Qxe6+ Kxe6 38. cxb4 Bxf4 39. exf4 axb4 40. b3 Ra8 41. h3 Rxa2 42. g4 Rd3 43. gxf5+ Kxf5 44. Rf2 Rd1+ 0-1

[Event "Dortmund women"]
[Site "Dortmund GER"]
[Date "1989.??.??"]
[Round "10"]
[White "Lebel-Arias, Julia"]
[Black "Zahn, Nicol"]
[Result "1-0"]
[WhiteElo "2085"]
[BlackElo "2095"]
[PlyCount "105"]
[EventDate "1989.03.??"]
[Source "www.chesslib.no"]
[SourceDate "2004.05.04"]

1. d4 Nf6 2. f4 c5 3. e3 d5 4. c3 Nc6 5. Bd3 g6 6. Nf3 Bg7 7. dxc5 Nd7 8. Bc2 Nxc5 9. O-O O-O 10. Nd4 e6 11. Nd2 f5 12. N2f3 Re8 13. Kh1 Ne4 14. Ba4 Bd7 15. Bc2 Rf8 16. Bxe4 dxe4 17. Ng5 Nxd4 18. cxd4 h6 19. Nh3 Bc6 20. Bd2 Qd7 21. Bc3 Bf6 22. g4 Be7 23. Rg1 Kh7 24. gxf5 exf5 25. Rg2 Bd5 26. Qe2 Rg8 27. Rag1 Bf6 28. a3 Rac8 29. Qe1 Rg7 30. Qg3 Rcg8 31. Ng5+ Bxg5 32. fxg5 h5 33. Rf2 Qc7 34. Rf4 Rf7 35. Rc1 Qd7 36. Kg1 Kg7 37. Rf2 Rc8 38. Qe5+ Kg8 39. Rcf1 Re8 40. Qf4 Bc6 41. Bb4 Re6 42. Rc1 Bd5 43. Rfc2 Rc6 44. Rc5 Rxc5 45. Rxc5 b6 46. Rc1 Qb5 47. Rc8+ Kh7 48. Qe5 Rg7 49. Bf8 Qd7 50. Rd8 Rf7 51. Rxd7 Rxd7 52. Bh6 Kg8 53. Qe8+ 1-0

[Event "FRA Ch"]
[Site "?"]
[Date "2003.08.24"]
[Round "6.43"]
[White "Thiel Jean Claude"]
[Black "Janotta Patrick"]
[Result "1-0"]
[WhiteElo "2010"]
[BlackElo "2107"]
[PlyCount "66"]
[EventDate "2003.??.??"]
[Source "www.chesslib.no"]
[SourceDate "2004.05.04"]

1. d4 Nf6 2. f4 d5 3. Nf3 c5 4. e3 Bg4 5. Be2 Bxf3 6. Bxf3 e6 7. O-O Nc6 8. c3 Bd6 9. Bd2 O-O 10. g4 Rc8 11. Qe2 Qb6 12. Be1 cxd4 13. cxd4 Bxf4 14. Bg2 Bxe3+ 15. Qxe3 Nxg4 16. Qg3 Qxd4+ 17. Kh1 f5 18. Nc3 Qe3 19. Rf3 Qe5 20. Qh4 Qf6 21. Qg3 Nce5 22. Rf4 Qh6 23. Nxd5 exd5 24. Bxd5+ Kh8 25. Bc3 Rcd8 26. Rd1 Qh5 27. Rd2 Ng6 28. Rc4 f4 29. Qg2 Rfe8 30. Rd3 Ne3 31. Rc7 Nxd5 32. Bxg7+ Kg8 33. Rxd5 Re1+ 1-0

[Event "19.Schlosspark op Wiesbaden"]
[Site "?"]
[Date "2000.08.27"]
[Round "2"]
[White "Lazic Slobodan"]
[Black "Mueller Maximilian[81Ge"]
[Result "0-1"]
[WhiteElo "1918"]
[BlackElo "2197"]
[PlyCount "72"]
[EventDate "2000.??.??"]
[Source "www.chesslib.no"]
[SourceDate "2004.05.04"]

1. d4 Nf6 2. f4 d5 3. e3 e6 4. Bd3 c5 5. c3 Nc6 6. Nd2 Qc7 7. Ngf3 Bd7 8. Ne5 cxd4 9. exd4 Bd6 10. O-O Rf8 11. Qf3 O-O-O 12. Nb3 g6 13. Be3 Ng8 14. Qh3 f6 15. Nxc6 bxc6 16. Qxh7 Ne7 17. Nc5 Rh8 18. Qg7 Rdf8 19. Ba6+ Kb8 20. Bd3 Qd8 21. g4 Bxc5 22. dxc5 Qe8 23. Bd4 Rhg8 24. Qh6 Rh8 25. Qg7 Rf7 26. Bxg6 Rxg7 27. Bxe8 Rxg4+ 28. Kh1 Bxe8 29. Bxf6 Rh7 30. Rae1 Nf5 31. Rxe6 Ng3+ 32. Kg2 Nxf1+ 33. Kxf1 Bd7 34. Be5+ Kb7 35. Rf6 Rg8 36. f5 Rg5 0-1

[Event "American Continental Women, Merida VEN"]
[Site "?"]
[Date "2001.??.??"]
[Round "4"]
[White "La Rosa, Edelmira"]
[Black "Sanchez Castillo, S."]
[Result "0-1"]
[WhiteElo "2005"]
[BlackElo "2105"]
[PlyCount "55"]
[EventDate "2001.??.??"]
[Source "www.chesslib.no"]
[SourceDate "2004.05.04"]

1. d4 Nf6 2. f4 d5 3. Nf3 Bf5 4. e3 e6 5. Be2 c5 6. Ne5 Nc6 7. O-O Bd6 8. g4 Be4 9. Nd2 cxd4 10. exd4 Nxd4 11. Nxe4 Nxe2+ 12. Qxe2 Bxe5 13. fxe5 Nxe4 14. Qb5+ Kf8 15. Be3 b6 16. Rf4 Rc8 17. Raf1 Ng5 18. Kh1 Rxc2 19. Ra4 d4 20. Rxa7 dxe3 21. Qb3 e2 22. Re1 Qd5+ 23. Qxd5 exd5 24. Kg2 g6 25. h4 Ne6 26. b4 d4 27. Kf3 d3 28. Rd7 0-1

[Event "WYCC 2008 U16 boys"]
[Site "Vung Tau City VIE"]
[Date "2008.10.20"]
[Round "1.25"]
[White "Kannemeyer, Werner"]
[Black "Kilpatrick, Callum"]
[Result "1-0"]
[WhiteElo "1896"]
[BlackElo "2184"]
[PlyCount "43"]
[EventDate "2008.10.20"]
[Source "www.chesslib.no"]
[SourceDate "2004.05.04"]

1. d4 Nf6 2. f4 g6 3. Nf3 Bg7 4. e3 O-O 5. Bd3 d6 6. O-O Nbd7 7. e4 e5 8. fxe5 dxe5 9. d5 c6 10. c4 Nh5 11. Nc3 a5 12. Be3 Nf4 13. Ne2 Bh6 14. Nxf4 Bxf4 15. Bxf4 exf4 16. Qd2 Qf6 17. Rae1 Re8 18. e5 Nxe5 19. Nxe5 Rxe5 20. Qc3 Bf5 21. Rxe5 Bxd3 22. Re8+ 1-0

[Event "ESP-chT ONCE"]
[Site "?"]
[Date "2003.11.06"]
[Round "5"]
[White "Pimienta Sanchez Manuel"]
[Black "Monmeneu Chulia Vicente J"]
[Result "1/2-1/2"]
[WhiteElo "1949"]
[BlackElo "2124"]
[PlyCount "33"]
[EventDate "2003.??.??"]
[Source "www.chesslib.no"]
[SourceDate "2004.05.04"]

1. d4 Nf6 2. f4 b6 3. Nf3 Bb7 4. e3 g6 5. Bd3 Bg7 6. Qe2 d5 7. Nbd2 Ne4 8. g4 h5 9. g5 Nd7 10. Qg2 e6 11. Nh4 Nxd2 12. Bxd2 c5 13. c3 Qc7 14. Nf3 Rc8 15. Qh3 Qd6 16. O-O Nb8 17. Rf2 1/2-1/2

[Event "Mallorca-ch D1"]
[Site "?"]
[Date "2000.11.25"]
[Round "6"]
[White "Rodriguez Sanchez Antonio Jes"]
[Black "Miralles Salas Antonio"]
[Result "1-0"]
[WhiteElo "2032"]
[BlackElo "2018"]
[PlyCount "129"]
[EventDate "2000.??.??"]
[Source "www.chesslib.no"]
[SourceDate "2004.05.04"]

1. d4 Nf6 2. f4 e6 3. Nf3 b6 4. e3 Bb7 5. Bd3 Be7 6. O-O O-O 7. c4 Ne4 8. Qc2 f5 9. Nc3 Nxc3 10. Qxc3 Nc6 11. a3 Bf6 12. Qc2 d6 13. Bd2 Ne7 14. e4 g6 15. Rae1 Rc8 16. e5 dxe5 17. dxe5 Bg7 18. Bc3 c5 19. Rd1 Qc7 20. Qf2 Rcd8 21. Ng5 Bc8 22. b4 h6 23. Nf3 Rd7 24. b5 Rfd8 25. Qe3 Bb7 26. Be2 Be4 27. Rxd7 Rxd7 28. Nd2 Ba8 29. a4 Qd8 30. a5 Nc8 31. Ra1 g5 32. axb6 gxf4 33. Qxf4 Nxb6 34. Nb3 Bf8 35. Be1 Rg7 36. g3 Qc7 37. Na5 Be4 38. Bc3 Rd7 39. g4 Ba8 40. gxf5 Rg7+ 41. Kf1 exf5 42. Bf3 Be4 43. Kf2 Rf7 44. Rg1+ Kh7 45. Ke3 Bxf3 46. Kxf3 Qd7 47. Ke2 Qe6 48. Kd3 Be7 49. h4 Bd8 50. Kc2 Nc8 51. Nc6 Bc7 52. h5 Rg7 53. Rxg7+ Kxg7 54. Kb3 a6 55. bxa6 Bb6 56. Qf3 Kf7 57. Qd5 Na7 58. Nxa7 Bxa7 59. Qb7+ Qe7 60. Qc8 Qe6 61. Qc7+ Qe7 62. e6+ Kxe6 63. Qe5+ Kd7 64. Qxf5+ Qe6 65. Qh7+ 1-0

[Event "EU-ch Railways USIC"]
[Site "?"]
[Date "2000.06.23"]
[Round "5.1"]
[White "Ampelourgos Ioannis"]
[Black "Hartung Nielsen Jens"]
[Result "0-1"]
[WhiteElo "1820"]
[BlackElo "2224"]
[PlyCount "50"]
[EventDate "2000.??.??"]
[Source "www.chesslib.no"]
[SourceDate "2004.05.04"]

1. d4 Nf6 2. f4 g6 3. Nf3 Bg7 4. e3 O-O 5. Bd3 d6 6. Nc3 Nc6 7. O-O e5 8. dxe5 dxe5 9. e4 Bg4 10. f5 gxf5 11. exf5 Qd7 12. Be4 Qxd1 13. Rxd1 Nxe4 14. Nxe4 Bxf5 15. Re1 Bxe4 16. Rxe4 f5 17. Rh4 f4 18. Ng5 Rad8 19. Ne6 Rd1+ 20. Kf2 Rf7 21. Ke2 Rfd7 22. Nxg7 Kxg7 23. Rh3 Rg1 24. g4 Rdd1 25. Rd3 Nd4+ 0-1

[Event "EU-ch Railways USIC"]
[Site "?"]
[Date "2000.06.20"]
[Round "1.1"]
[White "Ampelourgos Ioannis"]
[Black "Daels Marc"]
[Result "0-1"]
[WhiteElo "1820"]
[BlackElo "2207"]
[PlyCount "48"]
[EventDate "2000.??.??"]
[Source "www.chesslib.no"]
[SourceDate "2004.05.04"]

1. d4 Nf6 2. f4 g6 3. e3 Bg7 4. Nf3 d6 5. c3 O-O 6. Bd3 Nc6 7. O-O e5 8. e4 exd4 9. cxd4 Ng4 10. Be2 Re8 11. e5 dxe5 12. dxe5 Qe7 13. Ng5 Qc5+ 14. Kh1 Nf2+ 15. Rxf2 Qxf2 16. Nc3 Be6 17. Nxe6 fxe6 18. Ne4 Qb6 19. b3 Rad8 20. Qe1 Qd4 21. Nc3 g5 22. g3 Nb4 23. Bd1 Nd3 24. Qd2 Nf2+ 0-1

[Event "Raika op 8th"]
[Site "?"]
[Date "1999.08.15"]
[Round "1.9"]
[White "Koefeler Christian"]
[Black "Spirk Stefan"]
[Result "0-1"]
[WhiteElo "1776"]
[BlackElo "2251"]
[PlyCount "76"]
[EventDate "1999.??.??"]
[Source "www.chesslib.no"]
[SourceDate "2004.05.04"]

1. d4 Nf6 2. f4 c5 3. e3 e6 4. Nf3 Nc6 5. c3 Be7 6. Bd3 d5 7. O-O O-O 8. Nbd2 Ne8 9. Ne5 f5 10. Rf3 Nf6 11. Rh3 Nxe5 12. fxe5 Ne4 13. Nxe4 dxe4 14. Bc4 Qe8 15. g4 Kh8 16. Bd2 g5 17. Qc2 Qg6 18. Rf1 fxg4 19. Rxf8+ Bxf8 20. Rg3 h5 21. Rg2 Bd7 22. Rf2 Be7 23. Qb3 b5 24. Bf1 c4 25. Qc2 Rf8 26. Be1 Rf3 27. Qe2 Qf5 28. Bg2 h4 29. Bxf3 gxf3 30. Qf1 g4 31. Rc2 Qg6 32. Qf2 Bg5 33. b3 Qh6 34. Kf1 g3 35. hxg3 hxg3 36. Qg1 Bxe3 37. Bf2 Bxf2 38. Rxf2 Qc1# 0-1

[Event "Godal Memorial"]
[Site "?"]
[Date "1999.??.??"]
[Round "6"]
[White "Fekete Janos"]
[Black "Csendes Sandor"]
[Result "1-0"]
[WhiteElo "2115"]
[BlackElo "1875"]
[PlyCount "65"]
[EventDate "1999.??.??"]
[Source "www.chesslib.no"]
[SourceDate "2004.05.04"]

1. d4 Nf6 2. f4 e6 3. Nf3 c5 4. e3 cxd4 5. exd4 Nc6 6. c3 Be7 7. Bd3 Qc7 8. O-O O-O 9. Ne5 d6 10. Nxc6 bxc6 11. Nd2 a5 12. Nf3 Rb8 13. Qc2 h6 14. Bd2 Qb6 15. b3 Nd5 16. Rae1 Bf6 17. Kh1 Ba6 18. f5 exf5 19. Bxa6 Qxa6 20. Qxf5 g6 21. Qh3 h5 22. c4 Nb4 23. g4 hxg4 24. Qxg4 Kg7 25. Ng5 Qb7 26. Rxf6 Kxf6 27. Ne4+ Kg7 28. Nxd6 Qc7 29. Nf5+ Kg8 30. Qg5 Qd8 31. Ne7+ Kg7 32. Qh6+ Kf6 33. Bg5# 1-0

[Event "Bayernliga 2002/03_R3"]
[Site "?"]
[Date "2002.12.15"]
[Round "7.3"]
[White "Bussas Hans"]
[Black "Muehlbauer Andreas"]
[Result "0-1"]
[WhiteElo "1918"]
[BlackElo "2046"]
[PlyCount "88"]
[EventDate "2002.??.??"]
[Source "www.chesslib.no"]
[SourceDate "2004.05.04"]

1. d4 Nf6 2. f4 g6 3. Nf3 Bg7 4. e3 O-O 5. Nbd2 d5 6. b3 Nbd7 7. Ba3 c5 8. Ne5 Qa5 9. Bb2 Ne4 10. Bd3 Nxe5 11. dxe5 Rd8 12. c4 Qxd2+ 13. Qxd2 Nxd2 14. Rd1 Nxb3 15. axb3 dxc4 16. Bxc4 Rxd1+ 17. Kxd1 Bg4+ 18. Kc2 Bf5+ 19. Kc3 Rd8 20. Ba3 b6 21. b4 cxb4+ 22. Bxb4 Rd7 23. g3 Bf8 24. Re1 e6 25. Re2 Be4 26. Rb2 Bxb4+ 27. Kxb4 Kf8 28. Bb5 Rc7 29. Rd2 Ke7 30. g4 Bb7 31. Rd4 Bf3 32. f5 exf5 33. gxf5 gxf5 34. Rh4 h5 35. Bd3 Ke6 36. Bxf5+ Kxf5 37. Rf4+ Kxe5 38. Rxf3 Ke4 39. Rf6 Kxe3 40. Rf5 h4 41. Rh5 Rd7 42. Kb5 Rd4 43. Ka6 Ra4+ 44. Kb7 Kf3 0-1

[Event "Corr"]
[Site "?"]
[Date "1998.06.09"]
[Round "3"]
[White "Malm Art"]
[Black "Picchiottino Jean Pierre"]
[Result "1/2-1/2"]
[WhiteElo "2059"]
[BlackElo "1872"]
[PlyCount "47"]
[EventDate "1998.??.??"]
[Source "www.chesslib.no"]
[SourceDate "2004.05.04"]

1. d4 Nf6 2. f4 d5 3. c4 Bf5 4. cxd5 Nxd5 5. Qb3 Nc6 6. e3 Ndb4 7. Na3 Qd5 8. Qxd5 Nxd5 9. Bb5 e6 10. Nf3 Bxa3 11. bxa3 Be4 12. Ng5 Bg6 13. Bd2 Nde7 14. Rc1 a6 15. Be2 O-O 16. Bf3 Rad8 17. Ne4 Bxe4 18. Bxe4 f5 19. Bf3 Nd5 20. O-O Nce7 21. Rb1 b6 22. Rfc1 Kh8 23. Rb3 a5 24. a4 1/2-1/2

[Event "Gemuend op"]
[Site "?"]
[Date "1999.10.25"]
[Round "3"]
[White "Polakowski Jan"]
[Black "Gesswein Viktor"]
[Result "1-0"]
[WhiteElo "1850"]
[BlackElo "2076"]
[PlyCount "81"]
[EventDate "1999.??.??"]
[Source "www.chesslib.no"]
[SourceDate "2004.05.04"]

1. d4 Nf6 2. f4 e6 3. Nf3 c5 4. e3 Nc6 5. c3 Be7 6. Bd3 O-O 7. O-O d5 8. Nbd2 Ng4 9. Qe2 f5 10. b3 Nf6 11. Bb5 Ne4 12. Bb2 Bd7 13. Bxc6 Bxc6 14. Ne5 Be8 15. Nxe4 dxe4 16. Rfd1 cxd4 17. exd4 Bf6 18. Ba3 Be7 19. Bxe7 Qxe7 20. c4 g5 21. Qe3 gxf4 22. Qxf4 Rd8 23. c5 Rd5 24. b4 Bg6 25. Nc4 Qf6 26. Nd6 Rxd4 27. Nxb7 Rxb4 28. c6 Rc4 29. Qd6 Qg5 30. Nd8 Rc2 31. Qxf8+ Kxf8 32. Nxe6+ Ke7 33. Nxg5 Rxc6 34. Nh3 Bf7 35. Nf4 Kf6 36. g3 Rc2 37. Re1 a5 38. Re2 Rc3 39. Kf2 Bc4 40. a3 Bxe2 41. Nd5+ 1-0

[Event "Triesen LIE"]
[Site "?"]
[Date "2006.05.27"]
[Round "9"]
[White "Thonig Manfred"]
[Black "Kock Hans Uwe"]
[Result "0-1"]
[WhiteElo "1806"]
[BlackElo "2117"]
[PlyCount "74"]
[EventDate "2006.??.??"]
[Source "www.chesslib.no"]
[SourceDate "2004.05.04"]

1. d4 Nf6 2. f4 d5 3. Nf3 c6 4. e3 Bg4 5. Be2 e6 6. O-O Bd6 7. Ne5 Bxe2 8. Qxe2 Nbd7 9. Nd2 Qe7 10. a3 g6 11. b4 Ne4 12. Nxe4 dxe4 13. c4 f5 14. c5 Bxe5 15. fxe5 O-O 16. b5 Rfc8 17. a4 b6 18. bxc6 Rxc6 19. cxb6 Nxb6 20. Ba3 Qd7 21. Bc5 Nd5 22. Qd2 Rac8 23. Rfb1 Nb6 24. a5 Nc4 25. Qc3 Nxe5 26. a6 Nd3 27. Rb7 R6c7 28. Rxc7 Rxc7 29. Rb1 Qc6 30. Rb8+ Rc8 31. Rxc8+ Qxc8 32. Qc4 Qc6 33. Qb3 Nxc5 34. Qb8+ Kf7 35. Qxa7+ Nd7 36. Qb7 Qxb7 37. axb7 Ke7 0-1

[Event "RLNO BY00/01"]
[Site "Baviera"]
[Date "2001.??.??"]
[Round "8"]
[White "Bussas, Hans"]
[Black "Svoboda, Milan"]
[Result "1-0"]
[WhiteElo "1920"]
[BlackElo "1985"]
[PlyCount "67"]
[EventDate "2001.01.28"]
[Source "www.chesslib.no"]
[SourceDate "2004.05.04"]

1. d4 Nf6 2. f4 d5 3. Nf3 e6 4. e3 Be7 5. Bd3 b6 6. O-O O-O 7. Nbd2 c5 8. c3 Ba6 9. Qe2 Bxd3 10. Qxd3 Nc6 11. Ne5 Qc7 12. h3 Rad8 13. Ng4 Nxg4 14. hxg4 f6 15. Nf3 e5 16. Nh4 exd4 17. exd4 cxd4 18. cxd4 Nxd4 19. Be3 Ne6 20. Rac1 Qd7 21. Nf5 Bc5 22. Rcd1 Rfe8 23. g5 Bxe3+ 24. Nxe3 fxg5 25. fxg5 Nxg5 26. Qxd5+ Qxd5 27. Rxd5 h6 28. Rc1 Rxd5 29. Nxd5 Rd8 30. Ne7+ Kf8 31. Rc7 a5 32. Rb7 Rd6 33. Nc8 Ne4 34. Nxd6 1-0

[Event "It (open)"]
[Site "Oviedo (Spain)"]
[Date "2007.07.27"]
[Round "7"]
[White "Martinez Rodriguez Ezequiel ("]
[Black "Fernandez Ponce Luis Miguel ("]
[Result "0-1"]
[WhiteElo "1913"]
[BlackElo "1978"]
[PlyCount "68"]
[EventDate "2007.??.??"]
[Source "www.chesslib.no"]
[SourceDate "2004.05.04"]

1. d4 Nf6 2. f4 c5 3. c3 cxd4 4. cxd4 d5 5. Nf3 e6 6. e3 Nc6 7. Be2 Bb4+ 8. Nc3 Ne4 9. Bd2 Nxd2 10. Qxd2 Bd7 11. O-O Rc8 12. Rfc1 Na5 13. Rc2 O-O 14. Ne5 Ba4 15. Rcc1 f6 16. Nf3 Rf7 17. Bd1 Bxd1 18. Qxd1 Nc4 19. Qe2 a6 20. a3 Nxa3 21. Nxd5 Rxc1+ 22. Rxc1 Qxd5 23. bxa3 Bxa3 24. Rc8+ Rf8 25. Qc2 Rxc8 26. Qxc8+ Kf7 27. f5 exf5 28. Qh8 Qe4 29. Kf2 Bc1 30. Qxh7 Bxe3+ 31. Kf1 a5 32. Qh5+ Kg8 33. d5 Bc5 34. h4 Qe3 0-1

[Event "Dreifluesse op 8th"]
[Site "Passau"]
[Date "2000.04.23"]
[Round "5"]
[White "Reiser, Charles Roy"]
[Black "Scharrer, Patrick"]
[Result "0-1"]
[WhiteElo "2112"]
[BlackElo "1759"]
[PlyCount "140"]
[EventDate "2000.04.21"]
[Source "ChessBase"]
[SourceDate "2000.07.11"]

1. d4 Nf6 2. f4 g6 3. Nf3 Bg7 4. e3 d6 5. Bd3 O-O 6. O-O Nbd7 7. c3 Re8 8. f5 e5 9. fxg6 hxg6 10. Ng5 Nf8 11. d5 e4 12. Be2 Re5 13. h4 Rxd5 14. Qb3 Be6 15. Qxb7 Re5 16. c4 N8h7 17. Nxe6 Rxe6 18. Nc3 Qb8 19. Qxb8+ Rxb8 20. Nb5 Rb7 21. Rb1 Nd7 22. Nd4 Re8 23. b3 Nhf8 24. Bd2 Ne6 25. Nxe6 Rxe6 26. g4 Ne5 27. Rbd1 Rf6 28. Rxf6 Bxf6 29. g5 Bg7 30. Be1 Nc6 31. Bf1 Rb8 32. Rd5 Nb4 33. Bxb4 Rxb4 34. Ra5 Rb7 35. Bg2 Bc3 36. Rd5 Be1 37. Bxe4 Bxh4 38. Kg2 Rb8 39. Ra5 Re8 40. Kf3 c5 41. Rxa7 Bxg5 42. Rd7 Rd8 43. Rc7 Re8 44. a4 Re7 45. Rc6 Kg7 46. Rxd6 f5 47. Bc2 Rxe3+ 48. Kf2 Rc3 49. Bd1 Be3+ 50. Ke2 Bd4 51. a5 f4 52. a6 f3+ 53. Kd2 f2 54. Be2 Rxb3 55. Rd7+ Kh6 56. Rb7 Ra3 57. a7 Ra2+ 58. Kd3 Kg5 59. Rf7 Kh4 60. Bf1 Kg3 61. Rh7 Ra1 62. Be2 Kg2 63. Rf7 Kg1 64. Ke4 g5 65. Kd5 g4 66. Kc6 g3 67. Kb7 g2 68. a8=Q Rxa8 69. Kxa8 f1=Q 70. Bxf1 gxf1=Q 0-1

[Event "Corr"]
[Site "?"]
[Date "1998.11.29"]
[Round "?"]
[White "Hernandez Adolfo"]
[Black "Dijksman Leo"]
[Result "0-1"]
[WhiteElo "1971"]
[BlackElo "1893"]
[PlyCount "68"]
[EventDate "1998.??.??"]
[Source "www.chesslib.no"]
[SourceDate "2004.05.04"]

1. d4 Nf6 2. f4 d5 3. e3 Bf5 4. Bd3 Ne4 5. Nd2 e6 6. Nxe4 dxe4 7. Bb5+ c6 8. Bc4 a5 9. c3 a4 10. Qc2 Bd6 11. Nh3 b5 12. Bf1 Bxh3 13. gxh3 Qh4+ 14. Qf2 Be7 15. Bg2 Qxf2+ 16. Kxf2 f5 17. c4 Nd7 18. cxb5 cxb5 19. Bd2 Kf7 20. Rhc1 Rhc8 21. Bf1 b4 22. Rc4 Nb6 23. Rxc8 Rxc8 24. Rc1 Rxc1 25. Bxc1 Bh4+ 26. Ke2 Nd5 27. Kd2 g5 28. fxg5 Nxe3 29. Kxe3 Bxg5+ 30. Kf2 Bxc1 31. b3 axb3 32. axb3 Kf6 33. h4 Bf4 34. h3 Bc7 0-1

[Event "Landesliga"]
[Site "?"]
[Date "2003.11.23"]
[Round "3"]
[White "Hartung Lothar"]
[Black "Schumacher Dirk"]
[Result "1-0"]
[WhiteElo "1818"]
[BlackElo "2039"]
[PlyCount "73"]
[EventDate "2003.??.??"]
[Source "www.chesslib.no"]
[SourceDate "2004.05.04"]

1. d4 Nf6 2. f4 d5 3. Nf3 g6 4. e3 Bg7 5. Bd3 O-O 6. Nbd2 c5 7. c3 cxd4 8. exd4 Qc7 9. O-O Qxf4 10. Ne5 Qe3+ 11. Kh1 Ng4 12. Ne4 dxe4 13. Bxe3 Nxe3 14. Qc1 Nxf1 15. Bxe4 f6 16. Nf3 f5 17. Bd5+ e6 18. Bb3 Nxh2 19. Kxh2 Nc6 20. Qe1 Kh8 21. Ng5 h6 22. Qh4 e5 23. Rh1 exd4 24. cxd4 Nxd4 25. Nf7+ Rxf7 26. Bxf7 Bd7 27. Qe7 Bb5 28. Bxg6 Nc6 29. Qc5 Be5+ 30. Kh3 Be2 31. Bxf5 Re8 32. Qe3 Re7 33. Qxe2 Bf4 34. Qf2 Re3+ 35. g3 Bg5 36. Bc2 Kg7 37. Re1 1-0

[Event "Berze mem 7th"]
[Site "?"]
[Date "1996.??.??"]
[Round "?"]
[White "Maraczi Erno"]
[Black "Toth Imre"]
[Result "1-0"]
[WhiteElo "2115"]
[BlackElo "1710"]
[PlyCount "39"]
[EventDate "1996.??.??"]
[Source "www.chesslib.no"]
[SourceDate "2004.05.04"]

1. d4 Nf6 2. f4 g6 3. e3 Bg7 4. c3 O-O 5. Bd3 d6 6. Nf3 c6 7. O-O Nbd7 8. Nbd2 c5 9. Bc2 a6 10. a4 b6 11. Qe2 Bb7 12. b3 Rc8 13. Bd3 a5 14. Bb2 Ne8 15. e4 cxd4 16. cxd4 e6 17. Rac1 d5 18. Ba3 dxe4 19. Bxe4 Bxe4 20. Nxe4 1-0

[Event "Landesliga Nord 9899"]
[Site "?"]
[Date "1999.??.??"]
[Round "?"]
[White "Bussas Hans"]
[Black "Thuerauf Peter"]
[Result "1/2-1/2"]
[WhiteElo "1870"]
[BlackElo "1940"]
[PlyCount "45"]
[EventDate "1999.??.??"]
[Source "www.chesslib.no"]
[SourceDate "2004.05.04"]

1. d4 Nf6 2. f4 d5 3. Nf3 g6 4. e3 Bg7 5. Bd3 O-O 6. Nc3 c5 7. b3 Nc6 8. O-O a6 9. a4 Qc7 10. Ne2 Bg4 11. Bb2 Bxf3 12. gxf3 Nh5 13. c3 cxd4 14. cxd4 Qd7 15. Kg2 f6 16. Ng3 Nxg3 17. hxg3 e5 18. Rf2 exd4 19. exd4 f5 20. Rd2 Rfe8 21. Rc1 Re3 22. Bf1 Rae8 23. Rc3 1/2-1/2

[Event "Plancoët"]
[Site "?"]
[Date "2001.08.03"]
[Round "8.10"]
[White "Thiel Jean Claude"]
[Black "Bonnaud Albert"]
[Result "0-1"]
[WhiteElo "2030"]
[BlackElo "1780"]
[PlyCount "102"]
[EventDate "2001.??.??"]
[Source "www.chesslib.no"]
[SourceDate "2004.05.04"]

1. d4 Nf6 2. f4 d5 3. Nf3 c5 4. e3 Nc6 5. c3 Bf5 6. Be2 e6 7. O-O Bd6 8. Bd2 c4 9. b3 b5 10. a4 a6 11. Ne5 Ne7 12. g4 Be4 13. Be1 Nd7 14. Nd2 Bg6 15. Nxd7 Kxd7 16. Bh4 f6 17. e4 Bxe4 18. Nxe4 dxe4 19. bxc4 bxc4 20. Bxc4 Qc7 21. Qe2 f5 22. Bxe7 Kxe7 23. d5 Rhc8 24. Bxa6 Qb6+ 25. Kg2 Qxa6 26. Qf2 Kf8 27. dxe6 Qc6 28. Qh4 e3+ 29. Rf3 fxg4 30. Qxg4 Qxc3 31. Ra2 Qd4 32. Rg3 Qe4+ 33. Kh3 g6 34. Re2 Rc5 35. Rgxe3 Qf5 36. Re4 Rc3+ 37. R4e3 Rxe3+ 38. Rxe3 Qxg4+ 39. Kxg4 Rxa4 40. Rf3 h6 41. h3 Ke7 42. h4 Kxe6 43. Re3+ Kf6 44. Rf3 h5+ 45. Kg3 Kf5 46. Rd3 Bxf4+ 47. Kh3 Ra2 48. Rd5+ Be5 49. Rd2 Ra3+ 50. Kg2 Rg3+ 51. Kf2 Rh3 0-1

[Event "Setubal-ch"]
[Site "Arrentela"]
[Date "2001.05.12"]
[Round "2.4"]
[White "Coelho, Jesus"]
[Black "Almeida, Manuel"]
[Result "0-1"]
[WhiteElo "2040"]
[BlackElo "1751"]
[PlyCount "65"]
[EventDate "2001.05.11"]
[Source "www.chesslib.no"]
[SourceDate "2004.05.04"]

1. d4 Nf6 2. f4 d5 3. Nf3 e6 4. e3 Nbd7 5. Bd3 c5 6. c3 Bd6 7. O-O O-O 8. Qe1 b6 9. Qh4 Ne4 10. Qh3 Ndf6 11. g4 g6 12. Nbd2 h5 13. Ne5 Bxe5 14. fxe5 Nxg4 15. Nxe4 dxe4 16. Bxe4 Rb8 17. Qg2 Qh4 18. h3 Nh6 19. Rf6 Qe1+ 20. Kh2 Nf5 21. Rb1 Nh4 22. Qg3 Qxg3+ 23. Kxg3 Nf5+ 24. Kf4 Kg7 25. Bd2 Bb7 26. Bc2 Rbd8 27. Rg1 Ne7 28. Kg5 Nd5 29. Rf2 f5 30. exf6+ Nxf6 31. Bxg6 Nh7+ 32. Bxh7 Kxh7 33. Be1 0-1